000 00458cam a2200181ua 4500
001 11232
008 131212n1990 II |||gr||||Z||||||eng
040 _aMAIN
041 _aEnglish
082 _a304.28 ZUC
100 _aZUCKERMAN, BEN.
245 _aHUMAN POPULATION AND THE ENVIRONMENTAL CRISIS
260 _aNEW YORK
_bJOHN WILLEY & SONS
_c1990
300 _a120.:
_c21cm.
653 _aGeography & travel
700 _aJEFFERSON, DAVID.
942 _cBK
999 _c11199
_d11199